000 00260nam a22001217a 4500
003 SGT
082 _a004.35,GRA
100 _aGRAMA, ANANTH
245 _aINTRODUCTION TO PARALLEL COMPUTING
260 _bPEARSON
_c2016
300 _a650
942 _2ddc
_cGF BOOKS
999 _c34416
_d34416